Вольтамперометрическое определение рения; Химия и химическая технология в XXI веке; Т. 1

Détails bibliographiques
Parent link:Химия и химическая технология в XXI веке: материалы XIV Всероссийской научно-практической конференции имени профессора Л.П. Кулёва студентов и молодых ученых с международным участием, Томск, 13-16 мая 2013 г/ Национальный исследовательский Томский политехнический университет (ТПУ); Институт природных ресурсов (ИПР) ; Институт физики высоких технологий (ИФВТ) ; Физико-технический институт (ФТИ).— , 2013
Т. 1.— 2013.— [С. 276-277]
Auteur principal: Оськина Ю. А. Юлия Александровна
Collectivité auteur: Национальный исследовательский Томский политехнический университет (ТПУ) Институт природных ресурсов (ИПР) Кафедра физической и аналитической химии (ФАХ)
Autres auteurs: Колпакова Н. А. Нина Александровна (научный руководитель)
Résumé:Заглавие с титульного экрана
Langue:russe
Publié: 2013
Collection:Теоретические и прикладные аспекты физической и аналитической химии
Sujets:
Accès en ligne:http://www.lib.tpu.ru/fulltext/c/2013/C27/V1/134.pdf
Format: MixedMaterials Électronique Chapitre de livre
KOHA link:https://koha.lib.tpu.ru/cgi-bin/koha/opac-detail.pl?biblionumber=242024

MARC

LEADER 00000naa2a2200000 4500
001 242024
005 20251218134515.0
035 |a (RuTPU)RU\TPU\book\263320 
035 |a RU\TPU\book\263315 
090 |a 242024 
100 |a 20130822d2013 k y0rusy50 ca 
101 0 |a rus 
102 |a RU 
135 |a drcn ---uucaa 
181 0 |a i  
182 0 |a b 
200 1 |a Вольтамперометрическое определение рения  |f Ю. А. Оськина  |g науч. рук. Н. А. Колпакова 
203 |a Текст  |c электронный 
225 1 |a Теоретические и прикладные аспекты физической и аналитической химии 
300 |a Заглавие с титульного экрана 
320 |a [Библиогр.: с. 277 (3 назв.)] 
337 |a Adobe Reader 
461 1 |0 (RuTPU)RU\TPU\book\259433  |t Химия и химическая технология в XXI веке  |o материалы XIV Всероссийской научно-практической конференции имени профессора Л.П. Кулёва студентов и молодых ученых с международным участием, Томск, 13-16 мая 2013 г  |o в 2 т.  |f Национальный исследовательский Томский политехнический университет (ТПУ); Институт природных ресурсов (ИПР) ; Институт физики высоких технологий (ИФВТ) ; Физико-технический институт (ФТИ)  |d 2013 
463 1 |0 (RuTPU)RU\TPU\book\259435  |t Т. 1  |v [С. 276-277]  |d 2013 
610 1 |a труды учёных ТПУ 
610 1 |a электронный ресурс 
610 1 |a рений 
610 1 |a кислые растворы 
610 1 |a методы определения 
700 1 |a Оськина  |b Ю. А.  |c инженер-исследователь Томского политехнического университета  |f 1990-  |g Юлия Александровна  |3 (RuTPU)RU\TPU\pers\31166 
702 1 |a Колпакова  |b Н. А.  |c девичья фамилия Полукарова  |c российский химик  |c профессор Томского политехнического университета, доктор химических наук  |c Почетный химик России (1996 г.)  |f 1942-  |g Нина Александровна  |3 (RuTPU)RU\TPU\pers\21963  |4 727 
712 0 2 |a Национальный исследовательский Томский политехнический университет (ТПУ)  |b Институт природных ресурсов (ИПР)  |b Кафедра физической и аналитической химии (ФАХ)  |3 (RuTPU)RU\TPU\col\18656 
801 2 |a RU  |b 63413507  |c 20130829  |g RCR 
856 4 |u http://www.lib.tpu.ru/fulltext/c/2013/C27/V1/134.pdf 
942 |c CF